Online Catalogue and eLibrary

Nepali women rising / (Record no. 100)

MARC details
000 -LEADER
fixed length control field 00442nam a2200169 a 4500
001 - CONTROL NUMBER
control field 2065483
005 - DATE AND TIME OF LATEST TRANSACTION
control field 20231128052138.0
008 - FIXED-LENGTH DATA ELEMENTS--GENERAL INFORMATION
fixed length control field 931112s1993 np b 000 0 nep
040 ## - CATALOGING SOURCE (பட்டியலாக்க மூலம்)
Original cataloging agency DLC
Transcribing agency DLC
Modifying agency DLC
082 00 - DDC Classification
Class No. 305.4/095496
DDC Edition Number 20
Item Number - Author Mark PRA.
100 1# - MAIN ENTRY--PERSONAL NAME
Personal name Subedi, Prativa,
245 10 - TITLE STATEMENT
Title Nepali women rising /
Statement of responsibility, etc. Prativa Subedi.
260 ## - PUBLICATION, DISTRIBUTION, ETC.
Place of publication, distribution, etc. Kathmandu, Nepal :
Name of publisher, distributor, etc. Women Awareness Centre,
Date of publication, distribution, etc. 1993.
300 ## - PHYSICAL DESCRIPTION
Extent (e.g. Volumes, Pages etc.) 124 p. :
650 #0 - SUBJECT ADDED ENTRY--TOPICAL TERM
Topical term or geographic name entry element Women
942 ## - Koha item type (Biblio)
Koha item type Books in Stacks (Lending)
Holdings
Lost status Damaged status Collection code Home library Current library Date acquired Full call number Accession Number Item type
    Lending WERC Library WERC Library 11/28/2023 305.4/095496 PRA. 3742 Books in Stacks (Lending)

© WERC Library